00333nam a2200121Ia 4500008004100000041000800041082001500049100001600064245004300080260004500123300003200168365001100200240624s9999 xx 000 0 und d aeng a651.74 DAV aDAVIS JASON aEFFECTIVE ACADEMIC WRITING 3 THE ESSAY c2006aNew DelhibOxford University Press aviii, : 184 : p. : cm. ; 28 cRSb32